Touhou Character Title Knowledge: Windows Edition - Statistics

General Stats
  • This quiz has been taken 301 times
  • The average score is 38 of 65
Answer Stats
Hint Answer % Correct
The Unmoving Great Library Patchouli Knowledge
93%
Ice Fairy of the Lake Cirno
89%
Sister of the Devil Flandre Scarlet
89%
Oriental Western Magician Marisa Kirisame
88%
The Shrine Maiden of Paradise Reimu Hakurei
88%
The Eternally Scarlet Young Moon Remilia Scarlet
87%
Perfect and Elegant Maid Sakuya Izayoi
86%
Chinese Girl Hong Meiling
83%
Border of Phantasm Yukari Yakumo
78%
Half-Fantasy Gardener Youmu Konpaku
77%
Youkai of the Dusk Rumia
75%
Rabbit of the Earth Tewi Inaba
75%
Black Cat of Bad Omens Chen
74%
Shikigami of the Sukima Youkai Ran Yakumo
72%
Figure of the Person of Hourai Fujiwara no Mokou
71%
Fairy of Hell Clownpiece
70%
What Winter Left Behind Letty Whiterock
70%
Epitome of Native Gods Suwako Moriya
70%
Lunatic Moon Rabbit Reisen Udongein Inaba
69%
Modern Living God Sanae Kochiya
69%
Traditional Reporter of Fantasy Aya Shameimaru
68%
The Sinner of Eternity and the Instantaneous Kaguya Houraisan
68%
Brain of the Moon Eirin Yagokoro
64%
Three Poltergeist Sisters Prismriver Sisters
64%
Night Sparrow Apparition Mystia Lorelei
63%
Someone Thinking of Nothing Koishi Komeiji
62%
Spring Bringing Fairy Lily White
62%
Symbol of Abundance and Harvest Minoriko Aki
61%
The Dowser Little General Nazrin
61%
The Girl Even the Vengeful Spirits Fear Satori Komeiji
61%
The Cheery Forgotten Umbrella Kogasa Tatara
60%
Flower Master of the Four Seasons Yuuka Kazami
60%
The Sealed Great Magician Byakuren Hijiri
59%
Super Youkai Warhead Nitori Kawashiro
59%
The One Armed, Horned Hermit Kasen Ibaraki
58%
The Unidentified Fantastic Flying Girl Nue Houjuu
57%
Forgathering Dream, Illusion, and thus a Night Parade of a Hundred Demons Suika Ibuki
57%
Half-Beast of History and Knowledge Keine Kamishirasawa
56%
Hell's Traffic Accident Rin Kaenbyou
56%
Shining Sunlight Sunny Milk
56%
Scorching, Troublesome Divine Flame Utsuho Reiuji
54%
The Expressive Poker Face Hata no Kokoro
53%
*None* Junko
53%
The Avatar of Mountains and Lakes Kanako Yasaka
53%
The Jealousy Beneath the Earth's Crust Parsee Mizuhashi
52%
Pouring Starlight Star Sapphire
51%
Silent Moonlight Luna Child
49%
The Petty Patrol Tengu Momiji Inubashiri
49%
Bake-Danuki with Ten Transformations Mamizou Futatsuiwa
48%
Master of Warding Away Bad Luck Hina Kagiyama
46%
Symbol of Loneliness and Demise Shizuha Aki
46%
Beautiful Scarlet Cloth Iku Nagae
44%
Feng Shui Master who Controls Dragon Veins Mononobe no Futo
43%
Disciple of Vaisravana Shou Toramaru
43%
Phantasmal Percussionist Raiko Horikawa
42%
The Overwhelming Youkai Ascetic Ichirin Kumoi
37%
The Moon Princess that Connects Seas and Mountains Watatsuki no Toyohime
37%
Girl of the Sphere of Neither Perception or Non-Perception Tenshi Hinanawi
35%
Bibliophile with a Deciphering Eye Kosuzu Motoori
34%
Autumn Day's Man Eater Kisume
30%
Ghost of the Children of the Gods Soga no Tojiko
30%
Hakurei Kannushi ZUN
30%
Mood of Creeping Terror Yamame Kurodani
29%
The Great Wheel, Having Guarded and Been Guarded Unzan
26%
Memory of Gensokyo Heida no Akyuu
13%
No matching quizzes found
Score Distribution
Percent of People with Each Score
Percentile by Number Answered
Your Score History
You have not taken this quiz